Narrative of a year's journey through central and eastern Arabia (1862-1863) /

Saved in:

Main Author: Palgrave, William Gifford, 1826-1888 (Author)

Format: Book

Language: English

Published: London ; Cambridge : Macmillan and co., 1865.

Subjects:

Tags: Add Tag

No Tags, Be the first to tag this record!

Call Number: ( R )DS207 .P16 v.1-2

LEADER 00769namaa2200217 4500
001 18210
003 OSt
005 20260603062723.0
008 130303s1865 enka 000 0 eng d
040 |c ARCE Library 
043 |a ar----- 
050 4 |a ( R )DS207 .P16 v.1-2 
100 1 |a Palgrave, William Gifford,  |d 1826-1888,  |e author  |9 37247 
245 1 0 |a Narrative of a year's journey through central and eastern Arabia (1862-1863) /   |c By William Gifford Palgrave. 
264 1 |a London ;  |a Cambridge :  |b Macmillan and co.,  |c 1865. 
300 |a 2 volumes :  |b illustrations ;  |c 23 cm. 
600 1 0 |a Palgrave, William Gifford,   |d 1826-1888   |x Travel   |z Arabian Peninsula. 
651 0 |a Arabian Peninsula  |x Description and travel. 
901 |a reviewed 
942 |c BK  |2 lcc 
999 |c 17736  |d 17736